Dog man: (Record no. 180863)

MARC details
000 -LEADER
fixed length control field 00613nam a22001937a 4500
005 - DATE AND TIME OF LATEST TRANSACTION
control field 20210823120353.0
010 ## - LCCN (DPL NO)
LC control number B-741179
020 ## - INTERNATIONAL STANDARD BOOK NUMBER
International Standard Book Number 9789352758203
Terms of availability 595.00
035 ## - SYSTEM CONTROL NUMBER
System control number B-741179
037 ## - SOURCE OF ACQUISITION
Source of stock number/acquisition Gift
082 ## - DEWEY DECIMAL CLASSIFICATION NUMBER
Classification number 741.5
100 ## - MAIN ENTRY--PERSONAL NAME
Personal name Pilkey, Dav
245 ## - TITLE STATEMENT
Title Dog man:
Remainder of title For whom the ball rolls /
Statement of responsibility, etc by Dav Pilkey
260 ## - PUBLICATION, DISTRIBUTION, ETC. (IMPRINT)
Place of publication, distribution, etc New Delhi
Name of publisher, distributor, etc Scholastic
Date of publication, distribution, etc 2019
270 ## - ADDRESS
Address Polykam Offset Naraina ,
City New Delhi
Postal code 110028
300 ## - PHYSICAL DESCRIPTION
Extent 236p.:
Dimensions 21cm(Hb)
Other physical details ill.
942 ## - ADDED ENTRY ELEMENTS (KOHA)
Source of classification or shelving scheme Dewey Decimal Classification
Item type Children Books
Classification part 741.5
Call number suffix PIL

No items available.


© Delhi Public Library
Hit Counter
free hit counter